Générique Calimero - Paroles - Statistiques

Statistiques générales
  • Ce quiz a été pris 18 fois
  • Le résultat moyen est 22 sur 35
Statistiques - réponses
Paroles % Correct
Et c'est pour {ca}
87%
Et quand on fait la {fête}
87%
On est tous {amis}
87%
{Calimero}
80%
Des raleurs, des petits {gentils}
80%
{Calimero}
73%
C'est {Calimero}
73%
C'est {chouette}
73%
C'est le plus {beau}
73%
De rechercher la {vérité}
73%
Et puis quand on {va}
73%
Et si quelqu'un nous {embête}
73%
On lui fait la {fête}
73%
Plus heureux chaque {jour}
73%
Entrez dans la {danse}
67%
On est {amis}
67%
Tous ensemble à l'{école}
67%
A {bientôt}
60%
C'est le plus {drôle}
60%
Et qu'est ce qu'on {rit}
60%
Oui notre {héros}
60%
Sont quelques {fois}
60%
Des {reportages}
53%
On est tous une {bande}
53%
On fait des {enquêtes}
53%
Oui quelle bonne {ambiance}
53%
Qu'on est {tous}
53%
Un peu {risquées}
53%
Y'as des {grincheux}
53%
Le plus {fou} c'est lui
47%
Nos courses {folles}
47%
Si nos {aventures}
47%
Bien {obligé}
40%
Personne ne {commande}
40%
C'est qu'on est {toujours}
33%
Aucun quiz correspondant
Distribution des résultats
% des personnes avec chaque résultat
Percentile par nombre de réponses
Votre historique - résultats
Vous n’avez pas pris ce quiz